| 000 | 00447nam a2200157 i 4500 | ||
|---|---|---|---|
| 001 | 92533 | ||
| 003 | ES-MaACL | ||
| 005 | 20230906181007.0 | ||
| 007 | t| | ||
| 008 | 050310s1931 sp ||||1| spa d | ||
| 100 | 1 |
_aLion Depetre, José ( _d1893-1976) _972487 |
|
| 245 | 1 | 0 |
_aMis cacerias en Suramérica / _cJosé Lion Depetre. |
| 260 |
_aMadrid : _bGráfica Universal, _c1931. |
||
| 300 |
_a174 p., 50 lám. ; _c24 cm. |
||
| 852 |
_aES-MaACL _jA-127 |
||
| 999 |
_c92533 _d92533 |
||